Регионална библиотека "Любен Каравелов" - Русе

Собрание сочинений (Запис номер 427697)

MARC детайли
000 -Лидер
Контролно поле с фиксирана дължина nam a22 a 4500
003 - Код на организацията, давaща контролен номер
Контролно поле BLK
005 - Дата и час на последна редакция
Контролно поле 20210810132239.0
008 - Елементи от данни с фиксирана дължина
fixed length control field 210810b bu |||||||||| 00| | bu d
040 ## - Източник на каталожния запис
Идентификатор на билиотеката - собственик на записа BLK
041 ## - Код за език
Код за езика на текст/звукозапис или на отделно заглавие Руски
Код за езика КДБФ Руски
080 ## - УДК
Текстов определител УДК Немска литература
УДК код - определител по УДК 821.112.2
УДК определител (081.1)
УДК - код + определител 821.112.2(081.1)
100 ## - Редна дума - Автор
R(LIN) 1299
Автор Шиллер, Фридрих
Авторска отговорност първи автор
139 ## - Редно поле
Редна дума Шиллер, Фридрих
245 ## - Сведения за заглавието
Заглавие Собрание сочинений
Подзаглавни данни В 7 т.
Редно поле (дума) Фридрих Шиллер ; пер. с нем. / под общ. ред. Н. Н. Вильмонта и Р. М. Самарина
Том Т. 5
Заглавие на том Исторические сочинения : Статьи
257 ## - Страна на издаване
Страна на създаване/издаване Русия
260 ## - Област на издателските данни
Място на издаване, разпространение и проч. Москва
Име на издателя, разпространителя и проч. Гослитиздат
Година на издаване 1957
300 ## - Физическа характеристика
Страници 584 с. .
Размери/Мащаб 21 см
380 ## - Жанр
Жанр Худож. лит.
700 ## - Други автори (авторска отговорност)
9 (RLIN) 1311
Лично име Самарин, Роман Михайлович
Автороска отговорност (Описва отношението между автора и произведението) ред.
700 ## - Други автори (авторска отговорност)
9 (RLIN) 1311
Лично име Вильмонт, Николай Николаевич
Автороска отговорност (Описва отношението между автора и произведението) ред.
700 ## - Други автори (авторска отговорност)
9 (RLIN) 635
Лично име Тер-Акопян, Н.
Автороска отговорност (Описва отношението между автора и произведението) комент.
852 ## - Местоположение
Форматна сигнатура Цб 8.205.45772
Фондова буква Основен фонд - ползва се само за читалня
999 ## - СИСТЕМНИ КОНТРОЛНИ НОМЕРА
Koha biblionumber 427697
Koha biblioitemnumber 427697
942 ## - АРТИКУЛИ
Вид на библиотечния материал Книги
Скрит в OPAC Не
Периодичен библиозапис Да
944 ## - СЪЗДАВАНЕ И РЕДАКЦИЯ на ЗАПИСА
Създаване/Редакция Създаване
Дата на регистрацията/редакция 2021-08-10
Служител, извършил регистрацията/редакцията ВП
Наличности
Код за отписване Код за изгубен артикул Източник на класификационната схема Код за повреда Коз за рестрикции Код за отдаване Артикулен № Име на библиотеката - собственик Име на библиотеката, в която се намира в момента Статус (Текущо местоположение) Дата на вписване в системата Местоположение - отдел Цена в лева Инвентарен номер Систематично азбучна сигнатура Баркод Цена в евро Служебен тип на артикула
  Не е изгубен Universal Decimal Classification Не е повреден само за читалня ползва се в читалня 848048 Регионална библиотека "Любен Каравелов" Русе Регионална библиотека "Любен Каравелов" Русе Хранилище 2021-08-11 Основен фонд - ползва се само за читалня 0.96 8188/57 Цб 8.205.45772 900000073033 0.49 Книги
Vip Innovations Ltd, Rousse, Bulgaria 2025